00933 2200337 4500001002100000005001700021008004100038020002200079035002500101040001200126082001900138084001300157245007600170260002700246300003300273504001300306650004100319700001900360990001800379990001800397990001800415990001800433990001800451990001800469990001800487990001800505990001800523990001800541990001800559990001800577INLIS00000000001479220151008081036.0  a978-969-29-5038-0 a0010-101500000000526 aYOPDYOG 2[23]a001.6424 a001.6424 aKUMPULAN top minigame dan event RPG make VX Acec/editor P. Seno Wibowo aYogyakartabAndic2014 avi, 264 hlmb: ilus.;c23 cm ahlm. 257 aRPG maker VX ace ( program komputer) aSeno Wibowo, P a21045-PD/B.15 a21045-PD/B.15 a21045-PD/B.15 a21045-PD/B.15 a21045-PD/B.15 a21045-PD/B.15 a21045-PD/B.15 a21045-PD/B.15 a21045-PD/B.15 a21045-PD/B.15 a21045-PD/B.15 a21045-PD/B.15